[Event "Dutch League 2023-24"]
[Site "Netherlands NED"]
[Date "2023.11.04"]
[Round "3.10"]
[White "Pascual Palomo, Lucia"]
[Black "Grutter, Tim"]
[Result "0-1"]
[WhiteTitle "WFM"]
[BlackTitle "FM"]
[WhiteElo "2086"]
[BlackElo "2317"]
[WhiteTeam "Charlois Europoort"]
[BlackTeam "Kennemer Combinatie"]
[WhiteFideId "2267489"]
[BlackFideId "1057472"]
[EventDate "2023.09.16"]
[EventType "team"]

1. e4 e5 2. Nf3 Nc6 3. d4 exd4 4. Nxd4 Nf6 5. Nxc6 bxc6 6. e5 Qe7 7. Qe2 Nd5 8.
c4 Ba6 9. g3 g6 10. b3 Bg7 11. Bb2 O-O 12. Bg2 Rae8 13. O-O Bxe5 14. Qxe5 Qxe5
15. Bxe5 Rxe5 16. cxd5 Bxf1 17. Kxf1 cxd5 18. f4 Re3 19. Nd2 c6 20. Nf3 f6 21.
Re1 Rfe8 22. Kf2 Rxe1 23. Nxe1 Kf7 24. Nd3 Ke7 25. Ke3 Kd6+ 26. Kd2 a5 27. Bf3
c5 28. Nf2 a4 29. Ng4 axb3 30. axb3 Rb8 31. Kc2 Ke6 32. h4 d4 33. Nf2 d5 34. Nd3
Kd6 35. Nb2 Re8 36. Nd1 c4 37. bxc4 dxc4 38. Kd2 Kc5 39. h5 Kb4 40. hxg6 hxg6
41. Bd5 Rh8 42. Bf7 Rh6 43. Nf2 Rh2 44. Ke1 d3 45. Ng4 Re2+ 46. Kf1 c3 47. Bxg6
Kc4 48. Bf7+ Kd4 49. Bb3 Rb2 0-1

[Event "Dutch League 2023-24"]
[Site "Netherlands NED"]
[Date "2023.11.25"]
[Round "4.1"]
[White "De Boer, Eelke"]
[Black "Vrolijk, Liam"]
[Result "1/2-1/2"]
[WhiteTitle "FM"]
[BlackTitle "GM"]
[WhiteElo "2399"]
[BlackElo "2556"]
[WhiteTeam "Groninger Combinatie"]
[BlackTeam "Kennemer Combinatie"]
[WhiteFideId "1048120"]
[BlackFideId "1048333"]
[EventDate "2023.09.16"]
[EventType "team"]

1. e4 e5 2. Nf3 Nc6 3. Bc4 d6 4. h3 Be7 5. c3 Nf6 6. d3 O-O 7. O-O Na5 8. Bb5 a6
9. Ba4 c5 10. Re1 b5 11. Bc2 Nc6 12. Nbd2 Qc7 13. Nf1 Be6 14. Ng3 Rad8 15. Qe2
h6 16. Bb3 Rfe8 17. Bxe6 fxe6 18. a4 d5 19. Bd2 d4 20. axb5 axb5 21. cxd4 exd4
22. e5 Nd5 23. Qe4 Bf8 24. Nh5 Qf7 25. Nf4 Nxf4 26. Bxf4 Nb4 27. Rec1 Qf5 28.
Qxf5 exf5 29. Ra3 c4 30. dxc4 bxc4 31. Rxc4 Nd5 32. Rxd4 Bxa3 33. bxa3 Nc3 34.
Rc4 Rc8 35. Rb4 Rb8 36. Bd2 Ne4 37. Rxb8 Rxb8 38. Bb4 Re8 39. Kf1 Kf7 40. Ke2
Ke6 41. Ke3 Kd5 42. h4 g6 43. g3 Nf6 44. Kf4 Re6 45. Bf8 Ng4 46. h5 gxh5 47.
Kxf5 Nxf2 48. Bg7 Ne4 49. Bf6 Nxg3+ 50. Kg6 Ra6 51. Kxh6 Rxa3 52. Nh4 Ke6 53.
Kg5 Ra4 54. Ng6 Rg4+ 55. Kh6 Kf7 56. Nh8+ Ke6 57. Ng6 Kf5 58. Nh4+ Ke4 59. Ng6
Kd5 60. Bh4 Ke6 61. Bxg3 Rxg3 62. Kxh5 Kf5 63. Nh4+ Kxe5 64. Kh6 Kf6 65. Kh5
Rg5+ 66. Kh6 Rg8 67. Kh5 Rg3 68. Kh6 Ke5 69. Ng6+ Kf5 70. Nh4+ Kg4 71. Ng6 Re3
72. Kg7 Kg5 73. Kf7 Rf3+ 74. Kg7 Rf6 75. Ne7 Rf3 76. Ng6 Ra3 77. Ne7 Ra7 78. Kf7
Rxe7+ 79. Kxe7 1/2-1/2

[Event "Dutch League 2023-24"]
[Site "Netherlands NED"]
[Date "2023.11.25"]
[Round "4.2"]
[White "Pardo Simon, David"]
[Black "Ernst, Sipke"]
[Result "0-1"]
[WhiteTitle "IM"]
[BlackTitle "GM"]
[WhiteElo "2448"]
[BlackElo "2523"]
[WhiteTeam "Kennemer Combinatie"]
[BlackTeam "Groninger Combinatie"]
[WhiteFideId "2296276"]
[BlackFideId "1004689"]
[EventDate "2023.09.16"]
[EventType "team"]

1. d4 Nf6 2. Nc3 d5 3. Bf4 e6 4. Nb5 Na6 5. e3 Be7 6. Bd3 c6 7. Nc3 Nb4 8. Be2
a5 9. Nf3 O-O 10. h3 b6 11. a3 Na6 12. O-O Nb8 13. Bd3 Ba6 14. Re1 Nbd7 15. Qe2
Bxd3 16. cxd3 b5 17. e4 Qb6 18. Bg5 h6 19. Bh4 Rfe8 20. Rec1 Rac8 21. e5 Nh7 22.
Bxe7 Rxe7 23. b4 Ra8 24. Ra2 Nhf8 25. Rac2 axb4 26. axb4 Nb8 27. g4 Rea7 28. Qd2
Qd8 29. Ne2 Qe7 30. Ng3 Ra1 31. Ne1 R8a4 32. Rxa1 Rxa1 33. Kh2 Ng6 34. Rb2 Nh4 0-1

[Event "Dutch League 2023-24"]
[Site "Netherlands NED"]
[Date "2023.11.25"]
[Round "4.3"]
[White "Slagboom, Leandro"]
[Black "Zelbel, Patrick"]
[Result "0-1"]
[WhiteTitle "FM"]
[BlackTitle "IM"]
[WhiteElo "2326"]
[BlackElo "2481"]
[WhiteTeam "Groninger Combinatie"]
[BlackTeam "Kennemer Combinatie"]
[WhiteFideId "1065882"]
[BlackFideId "24624322"]
[EventDate "2023.09.16"]
[EventType "team"]

1. e4 c5 2. Nf3 d6 3. d4 cxd4 4. Nxd4 Nf6 5. Nc3 a6 6. Be2 e5 7. Nb3 Be7 8. O-O
O-O 9. Qd3 Nc6 10. Be3 Be6 11. a3 Rc8 12. Nd5 Nd7 13. Nxe7+ Qxe7 14. Rfd1 Rfd8
15. Qxd6 Qh4 16. Qd2 Nf6 17. Qe1 Bxb3 18. cxb3 Qxe4 19. Bf3 Qc2 20. Rxd8+ Rxd8
21. Qc3 Qd3 22. b4 Qd6 23. Bxc6 Rc8 24. Bxb7 Rxc3 25. bxc3 Qd3 26. c4 Ng4 27. c5
Nxe3 28. fxe3 Qxe3+ 29. Kh1 Kf8 30. c6 Qc3 31. Rd1 Qc2 32. Rd8+ Ke7 33. Rd7+ Ke8
34. h3 e4 35. Rd5 Qc1+ 36. Kh2 Qf4+ 37. Kh1 Qf1+ 38. Kh2 e3 39. Rd4 Qf6 40. Re4+
Kd8 41. Bxa6 Qd6+ 42. Kh1 Qxc6 43. Bd3 Qxe4 0-1

[Event "Dutch League 2023-24"]
[Site "Netherlands NED"]
[Date "2023.11.25"]
[Round "4.4"]
[White "Schoppen, Casper"]
[Black "Van Foreest, Machteld"]
[Result "1-0"]
[WhiteTitle "GM"]
[BlackTitle "FM"]
[WhiteElo "2546"]
[BlackElo "2332"]
[WhiteTeam "Kennemer Combinatie"]
[BlackTeam "Groninger Combinatie"]
[WhiteFideId "1046730"]
[BlackFideId "1051563"]
[EventDate "2023.09.16"]
[EventType "team"]

1. d4 d5 2. c4 e6 3. Nf3 Nf6 4. g3 Bb4+ 5. Bd2 Be7 6. Bg2 O-O 7. O-O c6 8. Qc2
Nbd7 9. Bf4 Nh5 10. Bc1 Nhf6 11. Nbd2 b6 12. e4 dxe4 13. Nxe4 Bb7 14. Nxf6+ Nxf6
15. Rd1 Qc7 16. Bf4 Bd6 17. Bxd6 Qxd6 18. c5 Qc7 19. Rac1 Rac8 20. b4 Rfd8 21.
Ne5 Nd5 22. a3 Ne7 23. Be4 Ng6 24. Nc4 Ba6 25. Nd6 Rb8 26. Qa4 Be2 27. Rd2 bxc5
28. dxc5 Bb5 29. Nxb5 cxb5 30. Rxd8+ Rxd8 31. Qxb5 Qe5 32. Qe2 Rc8 33. Qd3 f5
34. Bb7 Rc7 35. Bg2 f4 36. c6 Ne7 37. b5 Nf5 38. Rd1 Kf7 39. a4 Qc5 40. Qd7+
Rxd7 41. cxd7 fxg3 42. hxg3 Ne3 43. fxe3 Qxe3+ 44. Kh2 Qh6+ 45. Bh3 Qh5 46. d8=Q 1-0

[Event "Dutch League 2023-24"]
[Site "Netherlands NED"]
[Date "2023.11.25"]
[Round "4.5"]
[White "Maatman, Nick"]
[Black "Nijboer, Friso"]
[Result "0-1"]
[WhiteTitle "IM"]
[BlackTitle "GM"]
[WhiteElo "2397"]
[BlackElo "2473"]
[WhiteTeam "Groninger Combinatie"]
[BlackTeam "Kennemer Combinatie"]
[WhiteFideId "1040391"]
[BlackFideId "1000063"]
[EventDate "2023.09.16"]
[EventType "team"]

1. d4 Nf6 2. c4 g6 3. Nc3 Bg7 4. e4 d6 5. Be2 O-O 6. Nf3 e5 7. O-O Nbd7 8. Qc2
Qe7 9. Be3 c6 10. Rad1 h6 11. Rfe1 Ng4 12. Bc1 exd4 13. Nxd4 Nxf2 14. Kxf2 Qh4+
15. Ke3 Bxd4+ 16. Kxd4 Qf2+ 17. Be3 c5+ 18. Kd3 Ne5+ 19. Kd2 Nxc4+ 20. Kc1 Nxe3
21. Qd2 Be6 22. Rf1 Nxf1 23. Rxf1 Qh4 24. Qxd6 Qg5+ 0-1

[Event "Dutch League 2023-24"]
[Site "Netherlands NED"]
[Date "2023.11.25"]
[Round "4.6"]
[White "Grutter, Tim"]
[Black "Hilwerda, Jonas"]
[Result "1-0"]
[WhiteTitle "FM"]
[BlackTitle "FM"]
[WhiteElo "2317"]
[BlackElo "2248"]
[WhiteTeam "Kennemer Combinatie"]
[BlackTeam "Groninger Combinatie"]
[WhiteFideId "1057472"]
[BlackFideId "1046713"]
[EventDate "2023.09.16"]
[EventType "team"]

1. e4 e5 2. Nf3 Nc6 3. Nc3 Nf6 4. h3 d5 5. exd5 Nxd5 6. Bb5 Nxc3 7. bxc3 Bd6 8.
O-O O-O 9. d4 exd4 10. cxd4 h6 11. c4 Qf6 12. Bb2 Bf5 13. Qd2 Bxh3 14. d5 Qg6
15. Nh4 Qg4 16. Qc3 Bxg2 17. Nxg2 Ne5 18. f4 Bc5+ 19. Kh2 Qh5+ 20. Qh3 Ng4+ 21.
Kg3 Bf2+ 22. Rxf2 Qxh3+ 23. Kxh3 Nxf2+ 24. Kh2 a6 25. Ba4 Rfd8 26. Bd4 Ne4 27.
Ne3 f6 28. c5 Rab8 29. Re1 b6 30. cxb6 cxb6 31. Nf5 Nd2 32. Kg2 b5 33. Bc2 Re8
34. Ne7+ Kh8 35. Bg6 Rf8 36. Bf5 Rfe8 37. d6 1-0

[Event "Dutch League 2023-24"]
[Site "Netherlands NED"]
[Date "2023.11.25"]
[Round "4.7"]
[White "Warakomska, Anna"]
[Black "Godzwon, Iwo"]
[Result "1-0"]
[WhiteTitle "WGM"]
[BlackTitle "FM"]
[WhiteElo "2215"]
[BlackElo "2402"]
[WhiteTeam "Groninger Combinatie"]
[BlackTeam "Kennemer Combinatie"]
[WhiteFideId "1130790"]
[BlackFideId "21802483"]
[EventDate "2023.09.16"]
[EventType "team"]

1. d4 Nf6 2. c4 e6 3. Nc3 Bb4 4. Qc2 d5 5. cxd5 exd5 6. Bg5 c5 7. dxc5 Be6 8. e3
O-O 9. Bd3 h6 10. Bh4 Nbd7 11. a3 Bxc5 12. Nf3 Qe7 13. O-O Rac8 14. Rac1 a6 15.
Rfd1 b5 16. Qe2 Rfd8 17. Bb1 g5 18. Bg3 Nb6 19. Be5 Bg4 20. Bd4 Bxd4 21. Rxd4
Ne4 22. Qd3 Qf6 23. Rd1 Bxf3 24. gxf3 Nxc3 25. bxc3 Kf8 26. Kg2 Rc5 27. a4 Nxa4
28. c4 Qd6 29. Qd2 Rxc4 30. Ba2 Rc5 31. Bxd5 Qf6 32. Bxf7 Rxd4 33. exd4 Rc3 34.
Bh5 Rc4 35. Qe3 Qe7 36. Qd3 Qf6 37. Re1 Rc8 38. Qh7 g4 39. fxg4 Qc6+ 40. Kg1 Qf6
41. Re5 1-0

[Event "Dutch League 2023-24"]
[Site "Netherlands NED"]
[Date "2023.11.25"]
[Round "4.8"]
[White "Pham, Khoi"]
[Black "Schippers, Maurice"]
[Result "1/2-1/2"]
[WhiteTitle "FM"]
[BlackTitle "FM"]
[WhiteElo "2396"]
[BlackElo "2255"]
[WhiteTeam "Kennemer Combinatie"]
[BlackTeam "Groninger Combinatie"]
[WhiteFideId "1054988"]
[BlackFideId "1004735"]
[EventDate "2023.09.16"]
[EventType "team"]

1. e4 c5 2. Nf3 e6 3. d4 cxd4 4. Nxd4 Nf6 5. Nc3 Nc6 6. Nxc6 bxc6 7. e5 Nd5 8.
Ne4 f5 9. exf6 gxf6 10. Qh5+ Ke7 11. Bd2 Qb6 12. Bd3 Ba6 13. Qe2 Bxd3 14. Qxd3
f5 15. Qa3+ Ke8 16. Nd6+ Bxd6 17. Qxd6 Qxb2 18. O-O Qxc2 19. Rfd1 Rg8 20. Rac1
Qa4 21. Bc3 Rg6 22. g3 a5 23. Bd4 Rg8 24. Bc5 Qh4 25. Rb1 Rd8 26. Rb7 Qf6 27.
Re1 Qe7 28. Qxe7+ Nxe7 29. Rxe6 dxe6 30. Rxe7+ Kf8 31. Rxh7+ Ke8 32. Re7+ Kf8
33. Rh7+ Ke8 34. Re7+ Kf8 35. Rh7+ 1/2-1/2

[Event "Dutch League 2023-24"]
[Site "Netherlands NED"]
[Date "2023.11.25"]
[Round "4.9"]
[White "Wempe, Joost"]
[Black "Elgersma, Onno"]
[Result "0-1"]
[WhiteTitle "FM"]
[BlackTitle "FM"]
[WhiteElo "2287"]
[BlackElo "2352"]
[WhiteTeam "Groninger Combinatie"]
[BlackTeam "Kennemer Combinatie"]
[WhiteFideId "1005502"]
[BlackFideId "1053531"]
[EventDate "2023.09.16"]
[EventType "team"]

1. d4 d5 2. Nf3 Nf6 3. g3 e6 4. Bg2 Be7 5. O-O O-O 6. c4 a5 7. Qc2 Nc6 8. Nc3
dxc4 9. Bg5 Nd5 10. Bxe7 Qxe7 11. Nb5 Nb6 12. Na3 e5 13. dxe5 Be6 14. Rfd1 Rad8
15. Nb5 Rxd1+ 16. Rxd1 Rd8 17. Rxd8+ Qxd8 18. Qd2 Qxd2 19. Nxd2 Nxe5 20. Nxc7 c3
21. bxc3 Bxa2 22. Kf1 Nec4 23. Ke1 Nxd2 24. Kxd2 Bc4 25. Bxb7 a4 26. Ba6 a3 27.
Kc1 Bb3 28. Bb5 Kf8 29. Na6 Ke7 30. Nc5 Bd5 31. e4 Kd6 32. exd5 Kxc5 33. Be8
Nxd5 34. Kc2 f6 35. Bf7 a2 36. Kb2 Nxc3 37. Bg8 h6 38. h4 Kd4 39. Bh7 Nd1+ 40.
Kxa2 Nxf2 41. Kb3 Ke3 42. Kc4 0-1

[Event "Dutch League 2023-24"]
[Site "Netherlands NED"]
[Date "2023.11.25"]
[Round "4.10"]
[White "Roebers, Eline"]
[Black "Jacobs, Florian"]
[Result "1/2-1/2"]
[WhiteTitle "IM"]
[WhiteElo "2367"]
[BlackElo "2216"]
[WhiteTeam "Kennemer Combinatie"]
[BlackTeam "Groninger Combinatie"]
[WhiteFideId "1058401"]
[BlackFideId "1018329"]
[EventDate "2023.09.16"]
[EventType "team"]

1. e4 e5 2. Nf3 Nc6 3. Bb5 a6 4. Ba4 Nf6 5. O-O Be7 6. Re1 b5 7. Bb3 O-O 8. h3
Bb7 9. d3 d5 10. exd5 Nxd5 11. Nbd2 Nd4 12. Rxe5 Nxb3 13. Nxb3 Bd6 14. Re1 c5
15. a4 Nb4 16. Ng5 Qc7 17. Bd2 bxa4 18. Nc1 Qc6 19. Nf3 Qd7 20. Ng5 Qc6 21. Nf3
Qd7 22. Ng5 1/2-1/2

[Event "Dutch League 2023-24"]
[Site "Netherlands NED"]
[Date "2023.11.25"]
[Round "4.1"]
[White "Dardha, Arben"]
[Black "Hommerson, Paul"]
[Result "1-0"]
[WhiteTitle "FM"]
[BlackTitle "FM"]
[WhiteElo "2299"]
[BlackElo "2288"]
[WhiteTeam "Charlois Europoort"]
[BlackTeam "Paul Keres"]
[WhiteFideId "4700481"]
[BlackFideId "1025325"]
[EventDate "2023.09.16"]
[EventType "team"]

1. e4 e5 2. Nf3 Nc6 3. Nc3 Nf6 4. d4 exd4 5. Nxd4 Bb4 6. Nxc6 bxc6 7. Bd3 d5 8.
exd5 cxd5 9. O-O O-O 10. h3 h6 11. Qf3 Rb8 12. Nb5 Bd7 13. Nd4 c5 14. c3 cxd4
15. cxb4 Rxb4 16. b3 Re8 17. Ba3 Rb8 18. Bc5 Ne4 19. Bxd4 Qh4 20. Bxa7 Rbc8 21.
Rfc1 Rxc1+ 22. Rxc1 Re6 23. Bxe4 dxe4 24. Qe3 Rg6 25. Kh2 Ra6 26. a4 Be6 27. Bd4
Rd6 28. Rc3 f5 29. Be5 Rd5 30. Qg3 Qxg3+ 31. Bxg3 Rd3 32. Rc7 Rxb3 33. Be5 Bf7
34. a5 Ra3 35. Ra7 g5 36. a6 Bc4 37. Rg7+ Kf8 38. a7 f4 39. Rd7 Ke8 40. Rd4 Be6
41. Bb8 e3 42. fxe3 fxe3 43. Re4 Kf7 44. Rxe3 Ra2 45. Re2 Ra4 46. Rf2+ Ke8 47.
Rd2 h5 48. Re2 Kf7 49. Rf2+ Ke7 50. Re2 Kf7 51. Re5 Kf6 52. Rb5 Kg6 53. Kg1 Ra2
54. Rc5 Bf5 55. Rc6+ Kf7 56. Rc4 Kg6 57. Rb4 Kf7 58. Kf1 Be6 59. Rd4 g4 60. h4
g3 61. Ke1 Bg4 62. Rd3 Be6 63. Rf3+ Ke8 64. Rxg3 Bd5 65. Rg5 Bc6 66. Re5+ Kd7
67. Rxh5 Bxg2 68. Bf4 Be4 69. Be3 Kc8 70. Rh8+ Kc7 71. h5 Bd3 72. a8=Q 1-0

[Event "Dutch League 2023-24"]
[Site "Netherlands NED"]
[Date "2023.11.25"]
[Round "4.2"]
[White "Smeets, Kobe"]
[Black "Garrido Dominguez, Jesus"]
[Result "1-0"]
[WhiteTitle "FM"]
[BlackTitle "IM"]
[WhiteElo "2274"]
[BlackElo "2396"]
[WhiteTeam "Paul Keres"]
[BlackTeam "Charlois Europoort"]
[WhiteFideId "1063910"]
[BlackFideId "2254174"]
[EventDate "2023.09.16"]
[EventType "team"]

1. e4 e5 2. Nf3 Nc6 3. Bb5 Nf6 4. d3 Bd6 5. c3 O-O 6. O-O Re8 7. Re1 Bf8 8. Nbd2
a6 9. Bxc6 bxc6 10. d4 exd4 11. cxd4 d5 12. e5 Ne4 13. Nxe4 dxe4 14. Rxe4 Qd5
15. Re1 h6 16. h3 Be6 17. b3 a5 18. Bd2 Qb5 19. Re3 a4 20. Rc1 axb3 21. axb3 Ra3
22. Nh4 Rd8 23. b4 Ra4 24. Nf3 Bxb4 25. Bxb4 Rxb4 26. Qc2 Bd5 27. Qf5 Re8 28.
Qd7 Qb8 29. e6 Rxe6 30. Rxe6 Bxe6 31. Qxc6 Rc4 32. Rxc4 1-0

[Event "Dutch League 2023-24"]
[Site "Netherlands NED"]
[Date "2023.11.25"]
[Round "4.3"]
[White "Maerevoet, Sim"]
[Black "Kerigan, Demre"]
[Result "0-1"]
[WhiteTitle "IM"]
[BlackTitle "IM"]
[WhiteElo "2442"]
[BlackElo "2362"]
[WhiteTeam "Charlois Europoort"]
[BlackTeam "Paul Keres"]
[WhiteFideId "241725"]
[BlackFideId "6307841"]
[EventDate "2023.09.16"]
[EventType "team"]

1. e4 e5 2. Nf3 Nc6 3. d4 exd4 4. Nxd4 Nf6 5. Bb5 Bc5 6. Nb3 Bb6 7. Nc3 O-O 8.
Bg5 h6 9. Bh4 Re8 10. O-O Ne5 11. Kh1 c6 12. f4 Ng6 13. Bxf6 Qxf6 14. e5 Qd8 15.
Bc4 d5 16. exd6 Be6 17. Bxe6 Rxe6 18. f5 Rxd6 19. Qh5 Nf8 20. Ne4 Rd5 21. Qg4
Nh7 22. c4 Re5 23. f6 Ng5 24. Nxg5 Rxg5 25. Qh3 Qc8 26. Qf3 g6 27. Rae1 a5 28.
Qe4 Bc7 29. h3 Rh5 30. Qf3 a4 31. Nd4 Qd7 32. g4 Qd6 33. Qg2 Re5 34. Nf5 gxf5
35. gxf5+ Kf8 36. Qg7+ Ke8 37. Rxe5+ Qxe5 38. Qg8+ Kd7 39. Rd1+ Bd6 40. Qxf7+
Kc8 41. Qg8+ Kc7 42. Qg7+ Kb6 43. c5+ Bxc5 0-1

[Event "Dutch League 2023-24"]
[Site "Netherlands NED"]
[Date "2023.11.25"]
[Round "4.4"]
[White "Ten Hertog, Hugo"]
[Black "Kunin, Vitaly"]
[Result "1/2-1/2"]
[WhiteTitle "GM"]
[BlackTitle "GM"]
[WhiteElo "2519"]
[BlackElo "2528"]
[WhiteTeam "Paul Keres"]
[BlackTeam "Charlois Europoort"]
[WhiteFideId "1026356"]
[BlackFideId "4128737"]
[EventDate "2023.09.16"]
[EventType "team"]

1. c4 c5 2. Nc3 Nc6 3. g3 g6 4. Bg2 Bg7 5. a3 d6 6. Rb1 a5 7. e3 Bf5 8. d3 Nf6
9. h3 O-O 10. Nge2 Rb8 11. O-O Na7 12. a4 Nc6 13. f4 Bd7 14. g4 e6 15. Ng3 Ne8
16. g5 d5 17. e4 dxc4 18. dxc4 Bd4+ 19. Kh2 f6 20. gxf6 Qxf6 21. e5 Qe7 22. Nb5
Ng7 23. b3 Rbd8 24. Ba3 Be3 25. Qg4 Rxf4 26. Qe2 Rxf1 27. Rxf1 Qg5 28. Kh1 Qxg3
29. Rf3 Nf5 30. Qxe3 Nxe3 31. Rxg3 Nxg2 32. Kxg2 Nxe5 33. Bxc5 Bc6+ 34. Kf1 Rd2
35. Bb6 Rb2 36. Nd4 Bxa4 37. Bxa5 Nc6 38. Nxc6 Bxc6 39. Bc7 Kf7 40. Be5 Rc2 41.
Ke1 Be4 42. Rc3 Ra2 43. h4 Ra1+ 44. Kf2 Rh1 45. Bg3 Kf6 46. Ke3 Kf5 47. Kd4 h5
48. Re3 Rd1+ 49. Kc5 Rd8 50. Bc7 Rd7 51. Kb6 Rd4 52. Kc5 Rd7 53. Kb6 g5 54. hxg5
h4 55. b4 Rg7 56. b5 Rxg5 57. c5 e5 58. Bd8 Rh5 59. Rh3 Kg4 60. Re3 Kf4 61. Rh3
Kg4 62. Re3 Bg2 63. c6 bxc6 64. bxc6 h3 65. c7 Rh6+ 66. Ka7 Rc6 67. Rxe5 h2 68.
Rg5+ Kf4 69. Rh5 h1=Q 70. Rxh1 Bxh1 71. Kb8 Rb6+ 72. Ka7 Rc6 73. Kb8 Ke5 1/2-1/2

[Event "Dutch League 2023-24"]
[Site "Netherlands NED"]
[Date "2023.11.25"]
[Round "4.5"]
[White "Vandenbussche, Thibaut"]
[Black "Van de Griendt, Jan Willem"]
[Result "0-1"]
[WhiteTitle "IM"]
[BlackTitle "IM"]
[WhiteElo "2428"]
[BlackElo "2372"]
[WhiteTeam "Charlois Europoort"]
[BlackTeam "Paul Keres"]
[WhiteFideId "204412"]
[BlackFideId "1002112"]
[EventDate "2023.09.16"]
[EventType "team"]

1. e4 e6 2. d4 d5 3. e5 c5 4. c3 Nc6 5. Nf3 Nge7 6. Na3 Nf5 7. Nc2 cxd4 8. cxd4
Nb4 9. Bd2 Nxc2+ 10. Qxc2 Bd7 11. Qb3 Qb6 12. Qxb6 axb6 13. Bd3 Ne7 14. O-O Nc6
15. Rfc1 Be7 16. Rc3 O-O 17. Rb3 Bd8 18. Bb5 Bc7 19. a4 Rfc8 20. h4 Bd8 21. Rc1
Kf8 22. g4 Ke8 23. Rbc3 Na7 24. Bd3 Rxc3 25. Bxc3 h6 26. Ra1 Nc8 27. b3 Na7 28.
Kf1 Rc8 29. Bd2 Be7 30. Ke2 b5 31. g5 hxg5 32. hxg5 bxa4 33. bxa4 g6 34. a5 Nc6
35. Rb1 Ra8 36. Rh1 Kd8 37. Rh8+ Be8 38. Bb5 Kc7 39. Rh7 Kd8 40. Rh8 Kc7 41. Rh7
Kd8 42. Bxc6 bxc6 43. Rh1 c5 44. Rb1 cxd4 45. Nxd4 Bc5 46. Nf3 Bd7 47. Nh2 Bc8
48. Ng4 Ba6+ 49. Kf3 Rc8 50. Nf6 Bd4 51. Be3 Bxe5 52. Rb6 Ra8 53. Bf4 Bc7 54.
Rc6 e5 55. Bd2 Bb7 56. Rc5 Bd6 57. Rc1 e4+ 58. Kg4 Bc8+ 59. Kh4 Be6 60. Rb1 Kc7
61. Rc1+ Kb7 62. Rb1+ Kc6 63. Rb6+ Kc7 64. Rxd6 Kxd6 65. Bc3 Rh8+ 66. Kg3 Rh3+ 0-1

[Event "Dutch League 2023-24"]
[Site "Netherlands NED"]
[Date "2023.11.25"]
[Round "4.6"]
[White "Lombaers, Peter"]
[Black "Kollen, Zyon"]
[Result "1/2-1/2"]
[WhiteTitle "FM"]
[BlackTitle "FM"]
[WhiteElo "2359"]
[BlackElo "2331"]
[WhiteTeam "Paul Keres"]
[BlackTeam "Charlois Europoort"]
[WhiteFideId "1032852"]
[BlackFideId "1024256"]
[EventDate "2023.09.16"]
[EventType "team"]

1. d4 Nf6 2. c4 e6 3. Nf3 b6 4. g3 Ba6 5. Qa4 Bb7 6. Bg2 c5 7. d5 exd5 8. cxd5
Bxd5 9. Nc3 Bc6 10. Qb3 d6 11. e4 Nbd7 12. O-O Ne5 13. Bf4 Qc7 14. Nb5 Bxb5 15.
Qxb5+ Nfd7 16. Bxe5 dxe5 17. Bh3 Bd6 18. Rad1 Rd8 19. Rd5 Ke7 20. Bxd7 Qxd7 21.
Qa6 f6 22. Rfd1 Qc6 23. Nd2 Bb8 24. Nc4 Rxd5 25. exd5 Qd7 26. Na3 Rd8 27. Qd3 g6
28. Nc4 Bd6 29. b3 Kf7 30. a4 h5 31. h4 Qf5 32. Qe3 Qg4 33. Rd2 Kg7 34. a5 Qf5
35. axb6 axb6 36. Kg2 Qb1 37. Rb2 Qd1 38. Rd2 Qb1 39. Rb2 Qd1 40. Rd2 1/2-1/2

[Event "Dutch League 2023-24"]
[Site "Netherlands NED"]
[Date "2023.11.25"]
[Round "4.7"]
[White "Praet, Maarten"]
[Black "Ondersteijn, Niels"]
[Result "0-1"]
[BlackTitle "IM"]
[WhiteElo "2200"]
[BlackElo "2363"]
[WhiteTeam "Charlois Europoort"]
[BlackTeam "Paul Keres"]
[WhiteFideId "201294"]
[BlackFideId "1011162"]
[EventDate "2023.09.16"]
[EventType "team"]

1. e4 d6 2. d4 Nf6 3. Nc3 g6 4. Nf3 Bg7 5. h3 O-O 6. Be3 a6 7. a4 Nc6 8. Bc4 e6
9. Bb3 b6 10. O-O Bb7 11. d5 exd5 12. exd5 Nb8 13. a5 b5 14. Na2 Ne4 15. c3 c5
16. dxc6 Nxc6 17. Bb6 Qb8 18. Bd5 Nc5 19. Bxc6 Bxc6 20. Nb4 Rc8 21. Nxc6 Rxc6
22. Qd5 Qb7 23. Rfe1 Rxb6 0-1

[Event "Dutch League 2023-24"]
[Site "Netherlands NED"]
[Date "2023.11.25"]
[Round "4.8"]
[White "Wemmers, Xander"]
[Black "Glek, Igor"]
[Result "1/2-1/2"]
[WhiteTitle "IM"]
[BlackTitle "GM"]
[WhiteElo "2350"]
[BlackElo "2409"]
[WhiteTeam "Paul Keres"]
[BlackTeam "Charlois Europoort"]
[WhiteFideId "1004182"]
[BlackFideId "4100484"]
[EventDate "2023.09.16"]
[EventType "team"]

1. d4 d5 2. c4 dxc4 3. e3 Nf6 4. Bxc4 e6 5. Nf3 c5 6. O-O Nc6 7. dxc5 Qxd1 8.
Rxd1 Bxc5 9. Nbd2 O-O 10. b3 Rd8 11. Bb2 Be7 12. Rac1 Bd7 13. Be2 Be8 14. Nc4
Rxd1+ 15. Rxd1 Rd8 16. Rxd8 Nxd8 17. Nfe5 1/2-1/2

[Event "Dutch League 2023-24"]
[Site "Netherlands NED"]
[Date "2023.11.25"]
[Round "4.9"]
[White "Geirnaert, Steven"]
[Black "Breukelman, Jan"]
[Result "1/2-1/2"]
[WhiteTitle "IM"]
[BlackTitle "FM"]
[WhiteElo "2446"]
[BlackElo "2411"]
[WhiteTeam "Charlois Europoort"]
[BlackTeam "Paul Keres"]
[WhiteFideId "203866"]
[BlackFideId "1015583"]
[EventDate "2023.09.16"]
[EventType "team"]

1. d4 Nf6 2. c4 e6 3. Nc3 Bb4 4. e3 O-O 5. Bd3 c5 6. Ne2 d5 7. cxd5 exd5 8. a3
Bxc3+ 9. bxc3 b6 10. O-O Ba6 11. f3 Re8 12. Ng3 Bxd3 13. Qxd3 Nc6 14. Bb2 h5 15.
Rfe1 h4 16. Nh1 h3 17. g3 Nh7 18. f4 Nf6 19. Nf2 1/2-1/2